[Event "Bayern-chI Bank Hofmann 23rd"]
[Site "Tegernsee"]
[Date "2019.10.26"]
[Round "1"]
[White "Vetoshko, Volodymyr"]
[Black "Lettl, Gerhard"]
[Result "1-0"]
[WhiteElo "2506"]
[BlackElo "2126"]
[PlyCount "117"]
[EventDate "2019.10.26"]
[EventType "swiss"]
[EventRounds "9"]
[EventCountry "GER"]
[SourceTitle "CBM 192 Extra"]
[Source "Chessbase"]
[SourceDate "2019.11.06"]
[SourceVersion "1"]
[SourceVersionDate "2019.11.06"]
[SourceQuality "1"]

1. e4 e5 2. Nf3 Nc6 3. Bc4 Nf6 4. d3 Bc5 5. 0-0 d6 6. c3 0-0 7. a4 a6 8. h3 Ba7 9. Nbd2 Qe7 10. Bb3 Be6 11. Bc2 Nd7 12. Re1 h6 13. Nf1 f5 14. d4 fxe4 15. Bxe4 d5 16. Bc2 e4 17. N3h2 Nce5 18. Kh1 Qh4 19. dxe5 Bxf2 20. Re2 Nxe5 21. Be3 Bxe3 22. Nxe3 c6 23. Qe1 Qg5 24. Rd1 Rad8 25. a5 c5 26. Red2 Nc6 27. Bb3 c4 28. Bc2 Nxa5 29. h4 Qe5 30. Nhg4 Bxg4 31. Rxd5 Rxd5 32. Rxd5 Qf4 33. Rxa5 Be6 34. Ra1 g5 35. Rd1 gxh4 36. Rd4 h3 37. Rxe4 hxg2+ 38. Nxg2 Qf1+ 39. Kh2 Qxe1 40. Nxe1 Bd5 41. Rd4 Bc6 42. Rxc4 Rf2+ 43. Kg1 Re2 44. Kf1 Rh2 45. Rf4 Kg7 46. Rf2 Rh1+ 47. Ke2 Rh5 48. Nf3 Rb5 49. Nd4 Re5+ 50. Kd2 Bd7 51. Rg2+ Kf7 52. Bb3+ Ke7 53. Rg7+ Kd8 54. Rh7 a5 55. Rxh6 a4 56. Bd1 a3 57. bxa3 Ra5 58. Bf3 Rxa3 59. Bxb7 1-0

[Event "Regionalliga Sued-Ost 1819"]
[Site "Bayern"]
[Date "2019.02.03"]
[Round "6.6"]
[White "Lettl, Gerhard"]
[Black "Duraku, Emin"]
[Result "1/2-1/2"]
[WhiteElo "2000"]
[BlackElo "2009"]
[PlyCount "27"]
[EventDate "2018.10.21"]
[EventType "team-tourn"]
[EventRounds "9"]
[EventCountry "GER"]
[SourceTitle "EXT 2022"]
[Source "ChessBase"]
[SourceDate "2021.10.06"]
[SourceVersion "1"]
[SourceVersionDate "2021.10.06"]
[SourceQuality "1"]
[WhiteTeam "Tegernsee TV"]
[BlackTeam "Ingolstadt"]
[WhiteTeamCountry "GER"]
[BlackTeamCountry "GER"]

1. e4 e6 2. d4 d5 3. e5 c5 4. c3 Nc6 5. Nf3 Bd7 6. a3 f6 7. exf6 Nxf6 8. Bd3 Bd6 9. 0-0 0-0 10. Bg5 c4 11. Bc2 Qb6 12. b4 cxb3 13. Bxb3 Ne4 14. Bc1 1/2-1/2

[Event "Regionalliga Sued-Ost 1819"]
[Site "Bayern"]
[Date "2018.11.25"]
[Round "3.4"]
[White "Kieffer, Joachim"]
[Black "Lettl, Gerhard"]
[Result "1-0"]
[WhiteElo "2065"]
[BlackElo "2000"]
[PlyCount "99"]
[EventDate "2018.10.21"]
[EventType "team-tourn"]
[EventRounds "9"]
[EventCountry "GER"]
[SourceTitle "EXT 2022"]
[Source "ChessBase"]
[SourceDate "2021.10.06"]
[SourceVersion "1"]
[SourceVersionDate "2021.10.06"]
[SourceQuality "1"]
[WhiteTeam "Bruckmühl SK"]
[BlackTeam "Tegernsee TV"]
[WhiteTeamCountry "GER"]
[BlackTeamCountry "GER"]

1. d4 d5 2. c4 c6 3. e3 Nf6 4. Nc3 e6 5. Nf3 Nbd7 6. Qc2 Bd6 7. Be2 0-0 8. 0-0 Qe7 9. b3 b6 10. Bb2 Bb7 11. Rfe1 Rac8 12. Rac1 c5 13. cxd5 exd5 14. Qf5 Rfe8 15. Bd3 a6 16. dxc5 bxc5 17. Ne2 Ne4 18. Bxe4 dxe4 19. Nd2 g6 20. Qh3 Be5 21. Nc3 Nb6 22. Nd1 Red8 23. Bxe5 Qxe5 24. Nc4 Nxc4 25. bxc4 Rd2 26. Nc3 Rcd8 27. Qg3 Qe7 28. Red1 Rxd1+ 29. Rxd1 Rxd1+ 30. Nxd1 Qd8 31. Nc3 Qd2 32. Qb8+ Kg7 33. Qe5+ f6 34. Qe7+ Kh6 35. Qf8+ Kh5 36. g4+ Kxg4 37. Qxf6 Kh5 38. Kg2 Bc8 39. Nd5 Qd1 40. Nf4+ Kh6 41. Qf8+ Kg5 42. h4+ Kxh4 43. Qh6+ Kg4 44. Qh3+ Kg5 45. Qxc8 Qf3+ 46. Kg1 Kh4 47. Qd7 g5 48. Qxh7+ Kg4 49. Qh5+ Kf5 50. Qxf3 1-0

[Event "Bayern-chI Bank Hofmann 22nd"]
[Site "Tegernsee"]
[Date "2018.11.03"]
[Round "8"]
[White "Koepke, Christian"]
[Black "Lettl, Gerhard"]
[Result "1-0"]
[WhiteElo "2331"]
[BlackElo "2132"]
[PlyCount "37"]
[EventDate "2018.10.27"]
[EventType "swiss"]
[EventRounds "9"]
[EventCountry "GER"]
[SourceTitle "CBM 187 Extra"]
[Source "ChessBase"]
[SourceDate "2018.11.04"]
[SourceVersion "1"]
[SourceVersionDate "2018.11.04"]
[SourceQuality "1"]

1. d4 d5 2. Bf4 Nf6 3. e3 e6 4. Nf3 c5 5. c3 Nc6 6. Nbd2 Bd6 7. Bg3 0-0 8. Bd3 b6 9. e4 dxe4 10. Nxe4 Nxe4 11. Bxe4 Bb7 12. Qa4 Na5 13. dxc5 Bxc5 14. Rd1 Qf6 15. Be5 Qh6 16. Bxb7 Nxb7 17. Qe4 Qg6 18. Qxg6 fxg6 19. b4 1-0

[Event "Regionalliga Sued-Ost 1718"]
[Site "Bayern"]
[Date "2018.04.15"]
[Round "9.5"]
[White "Lettl, Gerhard"]
[Black "Feierlein, Robert"]
[Result "1/2-1/2"]
[WhiteElo "1981"]
[BlackElo "2059"]
[PlyCount "87"]
[EventDate "2017.10.22"]
[EventType "team-tourn"]
[EventRounds "9"]
[EventCountry "GER"]
[SourceTitle "EXT 2022"]
[Source "ChessBase"]
[SourceDate "2021.10.06"]
[SourceVersion "1"]
[SourceVersionDate "2021.10.06"]
[SourceQuality "1"]
[WhiteTeam "Tegernsee TV"]
[BlackTeam "Groebenzell II"]
[WhiteTeamCountry "GER"]
[BlackTeamCountry "GER"]

1. e4 d6 2. d4 Nf6 3. Nc3 g6 4. f4 Bg7 5. e5 Nfd7 6. Nf3 0-0 7. Bc4 c5 8. e6 Nb6 9. exf7+ Kh8 10. Be2 cxd4 11. Nxd4 Rxf7 12. 0-0 Nc6 13. Be3 Bd7 14. Qd2 Na5 15. b3 Nc6 16. Rad1 Qf8 17. Bf3 Rc8 18. Nd5 Nxd4 19. Bxd4 Bxd4+ 20. Qxd4+ Qg7 21. Nxb6 Qxd4+ 22. Rxd4 axb6 23. c4 Bc6 24. g3 Rcf8 25. h4 h6 26. Bd5 Rf6 27. Rdd1 Bxd5 28. Rxd5 e5 29. Rfd1 exf4 30. Rxd6 fxg3 31. Rxf6 Rxf6 32. Kg2 Rf2+ 33. Kxg3 Rxa2 34. Rd6 b5 35. Rxg6 Rb2 36. cxb5 Rxb3+ 37. Kg4 Rxb5 38. Rxh6+ Kg7 39. Rd6 Rb4+ 40. Kg5 Rb5+ 41. Kg4 Rb1 42. h5 b5 43. h6+ Kh7 44. Rb6 1/2-1/2

[Event "Bayern-chI Bank Hofmann 21st"]
[Site "Tegernsee"]
[Date "2017.11.04"]
[Round "8"]
[White "Lettl, Gerhard"]
[Black "Lubbe, Melanie"]
[Result "0-1"]
[WhiteElo "2128"]
[BlackElo "2286"]
[PlyCount "102"]
[EventDate "2017.10.28"]
[EventType "swiss"]
[EventRounds "9"]
[EventCountry "GER"]
[SourceTitle "CBM 181 Extra"]
[Source "ChessBase"]
[SourceDate "2017.12.12"]
[SourceVersion "1"]
[SourceVersionDate "2017.12.12"]
[SourceQuality "1"]

1. e4 c5 2. c3 Nf6 3. e5 Nd5 4. Nf3 d6 5. d4 cxd4 6. cxd4 Nc6 7. Bc4 dxe5 8. dxe5 Ndb4 9. Qb3 e6 10. 0-0 Na5 11. Bb5+ Bd7 12. Qa4 Bxb5 13. Qxb5+ Nac6 14. Nc3 a6 15. Qe2 Qd3 16. Rd1 Qxe2 17. Nxe2 Be7 18. a3 Nd5 19. Bd2 0-0 20. Rac1 Rfd8 21. Ned4 Nxd4 22. Nxd4 Rd7 23. Kf1 h6 24. g3 Kh7 25. Ke2 g5 26. f3 Kg6 27. Be1 Bd8 28. Bf2 Bc7 29. f4 gxf4 30. Rg1 Kh7 31. Nf3 fxg3 32. hxg3 Rg8 33. Rh1 Rg4 34. Rh4 Rxh4 35. gxh4 Kg6 36. Rg1+ Kf5 37. Bg3 Bb6 38. Rf1 Rc7 39. Ne1+ Kg4 40. Rf3 Rc1 41. Bf2 Rxe1+ 42. Bxe1 Nf4+ 43. Rxf4+ Kxf4 44. Bd2+ Kg4 45. Bxh6 Bd4 46. Bg7 Bxb2 47. a4 Kxh4 48. Kd3 Kg4 49. Ke4 b5 50. axb5 axb5 51. Bf8 Bc3 0-1

[Event "Bayern-chI Bank Hofmann 19th"]
[Site "Bad Wiessee"]
[Date "2015.11.02"]
[Round "3"]
[White "Neverov, Valeriy"]
[Black "Lettl, Gerhard"]
[Result "1-0"]
[WhiteElo "2502"]
[BlackElo "2143"]
[PlyCount "61"]
[EventDate "2015.10.31"]
[EventType "swiss"]
[EventRounds "9"]
[EventCountry "GER"]
[SourceTitle "CBM 169 Extra"]
[Source "ChessBase"]
[SourceDate "2015.12.18"]
[SourceVersion "1"]
[SourceVersionDate "2015.12.18"]
[SourceQuality "1"]

1. d4 d5 2. c4 e6 3. Nc3 Nf6 4. cxd5 exd5 5. Bg5 Be7 6. e3 c6 7. Qc2 Nbd7 8. Bd3 0-0 9. Nf3 Re8 10. h3 Nf8 11. 0-0-0 Ne4 12. Bxe7 Qxe7 13. Bxe4 dxe4 14. Nd2 f5 15. g4 b5 16. gxf5 Bxf5 17. f3 b4 18. Ncxe4 c5 19. dxc5 Rec8 20. Qc4+ Ne6 21. Nb3 Kh8 22. Rd5 g6 23. Nd6 a5 24. Nxc8 Rxc8 25. e4 Bxh3 26. Rxh3 Nf4 27. Qd4+ Kg8 28. Rd7 Ne2+ 29. Kd2 Qg5+ 30. Kxe2 Qg2+ 31. Ke1 1-0

[Event "Regionalliga SO 1213"]
[Site "Bayern"]
[Date "2013.02.03"]
[Round "6.2"]
[White "Lettl, Gerhard"]
[Black "Gschwendtner, Klaus"]
[Result "1-0"]
[WhiteElo "2092"]
[BlackElo "2052"]
[PlyCount "79"]
[EventDate "2012.10.14"]
[EventType "team-tourn"]
[EventRounds "9"]
[EventCountry "GER"]
[SourceTitle "EXT 2015"]
[Source "ChessBase"]
[SourceDate "2014.11.20"]
[SourceVersion "1"]
[SourceVersionDate "2014.11.20"]
[SourceQuality "1"]
[WhiteTeam "Tegernsee"]
[BlackTeam "Starnberger See"]
[WhiteTeamCountry "GER"]
[BlackTeamCountry "GER"]

1. e4 e5 2. Nf3 Nc6 3. Bb5 g6 4. 0-0 Bg7 5. c3 a6 6. Ba4 d6 7. d4 Bd7 8. Be3 Nf6 9. Nbd2 0-0 10. h3 h6 11. dxe5 dxe5 12. b4 Nh5 13. Kh2 Nf4 14. Ng1 Qc8 15. Bc2 Rd8 16. Qc1 g5 17. Rd1 Be6 18. Nf1 Ne7 19. Rxd8+ Qxd8 20. g3 Nfg6 21. h4 gxh4 22. Bxh6 hxg3+ 23. fxg3 Qd7 24. Kg2 Qc6 25. Bxg7 Kxg7 26. Qe3 Rh8 27. Qc5 Qd7 28. Rd1 Bh3+ 29. Kf2 Qe6 30. Ne3 Qf6+ 31. Nf3 Be6 32. Kg2 b6 33. Qxc7 Rc8 34. Qd6 Rxc3 35. Qd2 Rc8 36. Rf1 Rh8 37. Ng5 Nf4+ 38. gxf4 exf4 39. Nxe6+ Qxe6 40. Nf5+ 1-0

[Event "Regionalliga SO 1112"]
[Site "Bayern"]
[Date "2012.02.05"]
[Round "6.3"]
[White "Jergler, Karl Heinz"]
[Black "Lettl, Gerhard"]
[Result "1/2-1/2"]
[WhiteElo "2117"]
[BlackElo "2026"]
[PlyCount "39"]
[EventDate "2011.10.02"]
[EventType "team-tourn"]
[EventRounds "9"]
[EventCountry "GER"]
[SourceTitle "EXT 2013"]
[Source "ChessBase"]
[SourceDate "2012.11.22"]
[SourceVersion "1"]
[SourceVersionDate "2012.11.22"]
[SourceQuality "1"]
[WhiteTeam "Waldkraiburg"]
[BlackTeam "Tegernsee"]
[WhiteTeamCountry "GER"]
[BlackTeamCountry "GER"]

1. e4 e5 2. Nf3 Nc6 3. d4 exd4 4. Nxd4 Nf6 5. Nc3 Bb4 6. Nxc6 bxc6 7. Bd3 d5 8. exd5 cxd5 9. 0-0 0-0 10. Bg5 c6 11. Qf3 Bd6 12. h3 Rb8 13. Rab1 Re8 14. Rfe1 Bd7 15. Ne2 h6 16. Bxf6 Qxf6 17. Qxf6 gxf6 18. b3 Re5 19. Nd4 Bb4 20. Re2 1/2-1/2

[Event "Landesliga Sued 1011"]
[Site "Bayern"]
[Date "2010.12.12"]
[Round "4.4"]
[White "Lettl, Gerhard"]
[Black "Buchner, Rudolf"]
[Result "0-1"]
[WhiteElo "2009"]
[BlackElo "2191"]
[PlyCount "56"]
[EventDate "2010.10.10"]
[EventType "team-tourn"]
[EventRounds "9"]
[EventCountry "GER"]
[SourceTitle "EXT 2012"]
[Source "ChessBase"]
[SourceDate "2011.11.24"]
[SourceVersion "1"]
[SourceVersionDate "2011.11.24"]
[SourceQuality "1"]
[WhiteTeam "Tegernsee"]
[BlackTeam "Muenchen Tarrasch II"]
[WhiteTeamCountry "GER"]
[BlackTeamCountry "GER"]

1. e4 e5 2. Nf3 Nc6 3. Nc3 Nf6 4. d4 exd4 5. Nxd4 Bb4 6. Nxc6 bxc6 7. Bd3 0-0 8. 0-0 d5 9. exd5 cxd5 10. Bg5 c6 11. Ne2 Re8 12. c3 Bd6 13. h3 h6 14. Bh4 a5 15. Qc2 Rb8 16. Nd4 Bd7 17. Rfe1 g5 18. Bg3 Bxg3 19. fxg3 c5 20. Nf5 Bxf5 21. Bxf5 Qb6 22. Kh2 Rxe1 23. Rxe1 Qxb2 24. Qa4 Qf2 25. Rb1 Re8 26. Bd3 Re3 27. Ba6 Rxg3 28. Bf1 Ng4+ 0-1